[Event "Nizhnij Novgorod Region-ch"]
[Site "Nizhnij Novgorod"]
[Date "2012.10.10"]
[Round "?"]
[White "Chizhevskaja, Yana"]
[Black "Lauda, Alexandr"]
[Result "1/2-1/2"]
[WhiteElo "1879"]
[BlackElo "1991"]
[PlyCount "76"]
[EventDate "2012.10.06"]
[EventType "swiss"]
[EventRounds "9"]
[EventCountry "RUS"]
[SourceTitle "EXT 2022"]
[Source "ChessBase"]
[SourceDate "2021.10.06"]
[SourceVersion "1"]
[SourceVersionDate "2021.10.06"]
[SourceQuality "1"]

1. e4 c5 2. Nf3 Nc6 3. d4 cxd4 4. Nxd4 e5 5. Nb5 a6 6. Nd6+ Bxd6 7. Qxd6 Qf6 8. Qc7 Nge7 9. Nc3 Nb4 10. Bd3 d5 11. Qc5 Nxd3+ 12. cxd3 d4 13. Nd5 Nxd5 14. Qxd5 0-0 15. 0-0 Rd8 16. Qb3 g5 17. Bd2 Bd7 18. Rac1 Bc6 19. h4 h6 20. a4 Qg6 21. Qd1 Rac8 22. Qg4 gxh4 23. Qxh4 f5 24. f4 Rd7 25. fxe5 Rg7 26. Rf2 fxe4 27. dxe4 Re8 28. Qxh6 Qxe4 29. Qh3 Qxe5 30. Re1 Qxe1+ 31. Bxe1 Rxe1+ 32. Kh2 Rh7 33. Rf8+ Kxf8 34. Qxh7 Re4 35. Kg3 d3 36. Qh8+ Ke7 37. Qc3 Re2 38. Qxd3 Rxg2+ 1/2-1/2